| 000 | 00759nam a22001937a 4500 | ||
|---|---|---|---|
| 003 | OSt | ||
| 005 | 20131016151802.0 | ||
| 008 | 131015b1996 ven spa | ||
| 020 | _a980-00-1044-0 | ||
| 040 | _cBMC | ||
| 082 | _a346.015060 | ||
| 111 | 2 |
_96944 _aCongreso Mundial sobre Derecho de Familia _n8º _d1994 _cCaracas |
|
| 245 | 1 | 0 |
_aMemorial del VIII Congreso Mundial sobre Derecho de Familia _c[obra recopilada, revisada y coordinada por Lourdes Wills Rivera] |
| 260 |
_aCaracas _bUniversidad Central de Venezuela, Facultad de Ciencias Jurídicas y Políticas, Centro de Estudios de Postgrado _c1996 |
||
| 300 |
_a2 v. _c22 cm |
||
| 650 | 2 | 4 |
_97163 _aDerecho de familia _vCongresos y asambleas |
| 700 | 1 |
_97162 _aWills Rivera, Lourdes |
|
| 942 |
_2ddc _cBK |
||
| 999 |
_c3035 _d3035 |
||